00388nam a2200121Ia 4500008004100000082001600041245003200057260002200089300001000111650003300121952009500154999001700249120622s9999 xx 000 0 und d a796.44 G491 aGimnasia : reglas oficiales aMéxico : EDILSA a80 p. a1. GIMNASIA - REGLAMENTOSÌ 00102lcc4070a22b22d2007-01-25l0o796.44 G491p01 003322r2023-07-20w2012-06-24yLB c57163d57163